000
00298nam a22001217a 4500
082
_a
300
_b
CBSE/P
100
_a
CBSE
245
_a
PERFORMANCE ANALYSIS STUDY REPOT IN SOCIAL SCIENCE
_b
CLASS X
260
_a
DELHI
_b
CBSE
_c
2005
300
_a
88
650
_a
SOCIAL SCIENCE FOR CLASS X
_z
INDIA
942
_c
BK
999
_c
869
_d
869